• 首页
  • 本馆介绍
  • 公告通知
  • 最新文献
  • 馆藏检索
  • 电子资源
  • 读者导购
  • 参考咨询
  • 我的图书馆
  • 登录
  • 详细信息显示
  • 放入我的书架
  • 预约/预借图书
  • 作者相关作品
  • 分类相关作品
  • 丛书相关作品
  • 出版社相关作品

书目信息

  • 表格格式
  • 工作单格式
  • 卡片格式
题名:
选矿尾矿处理工艺与实践
    
 
作者: 陈江安 编著
分册:  
出版信息: 北京   冶金工业出版社  2018
页数: 146页
开本: 24cm
丛书名:
单 册:
中图分类: TD926.4-43
科图分类:
主题词: 尾矿处理--wei kuang chu li--高等学校--教材
电子资源:
ISBN: 978-7-5024-7965-7
000 01018nam0 2200265 450
001 012001001495
005 20131108114601.0
010    @a978-7-5024-7965-7@dCNY42.00
099    @aCAL 012019047949
100    @a20190412d2018 ekmy0chiy50 ea
101 0  @achi
102    @aCN@b110000
105    @aak a 000yy
106    @ar
200 1  @a选矿尾矿处理工艺与实践@Axuan kuang wei kuang chu li gong yi yu shi jian@f陈江安编著
210    @a北京@c冶金工业出版社@d2018
215    @a146页@c图@d24cm
320    @a有书目 (第146页)
330    @a本书共分6章,简要介绍了尾矿的相关概念和尾矿的工程性质,用通俗易懂的语言介绍了尾矿浓缩、尾矿输送、尾矿库等的基础设施、计算及操作方法,还介绍了尾矿的综合利用技术及尾矿处理实例。本书内容基础实用,目的在于给基层工作者阅读参考。
333    @a普通高等教育“十三五”规划教材
606 0  @a尾矿处理@Awei kuang chu li@x高等学校@j教材
690    @aTD926.4-43@v5
701  0 @a陈江安@Achen jiang an@4编著
801  0 @aCN@b北京卓展@c20191020
905    @b1198429-32@dTD926.4-43@e52@f4
    
    选矿尾矿处理工艺与实践/陈江安编著.-北京:冶金工业出版社,2018
    146页:图;24cm
    使用对象:普通高等教育“十三五”规划教材
    
    ISBN 978-7-5024-7965-7:CNY42.00
    本书共分6章,简要介绍了尾矿的相关概念和尾矿的工程性质,用通俗易懂的语言介绍了尾矿浓缩、尾矿输送、尾矿库等的基础设施、计算及操作方法,还介绍了尾矿的综合利用技术及尾矿处理实例。本书内容基础实用,目的在于给基层工作者阅读参考。
●
相关链接 在E读中查询图书 在五车中查询图书 在当当中查询图书 在豆瓣中查询图书


正题名:选矿尾矿处理工艺与实践     索取号:TD926.4-43/52         预约/预借

序号 登录号 条形码 馆藏地/架位号 状态 备注
1 1198429   211984290   第二样本阅览室/ [索取号:TD926.4-43/52] 在馆    
2 1198430   211984307   第三借阅区/ [索取号:TD926.4-43/52] 在馆    
3 1198431   211984316   第三借阅区/ [索取号:TD926.4-43/52] 在馆    
4 1198432   211984325   第三借阅区/ [索取号:TD926.4-43/52] 在馆    
唐山师范学院图书馆 欢迎您!
大连网信软件有限公司© 版权所有